|
|
|
|
| LEADER |
00000cam a22000004a 4500 |
| 001 |
musev2_7564 |
| 003 |
MdBmJHUP |
| 005 |
20230905040852.0 |
| 006 |
m o d |
| 007 |
cr||||||||nn|n |
| 008 |
090609s2009 nyu o 00 0 eng d |
| 010 |
|
|
|z 2009023488
|
| 020 |
|
|
|a 9780814785287
|
| 020 |
|
|
|z 9780814737361
|
| 035 |
|
|
|a (OCoLC)646857037
|
| 040 |
|
|
|a MdBmJHUP
|c MdBmJHUP
|
| 043 |
|
|
|a nwcu---
|
| 050 |
0 |
4 |
|a KZ6495
|b .G83 2009
|
| 082 |
0 |
|
|a 343.73/0143
|2 22
|
| 245 |
0 |
4 |
|a The Guantánamo Lawyers :
|b Inside a Prison Outside the Law /
|c edited by Mark P. Denbeaux and Jonathan Hafetz ; with Grace A. Brown ... [et al.].
|
| 264 |
|
1 |
|a New York :
|b New York University Press,
|c 2009.
|
| 264 |
|
3 |
|a Baltimore, Md. :
|b Project MUSE,
|c 2012
|
| 264 |
|
4 |
|c ©2009.
|
| 300 |
|
|
|a 1 online resource (448 pages).
|
| 336 |
|
|
|a text
|b txt
|2 rdacontent
|
| 337 |
|
|
|a computer
|b c
|2 rdamedia
|
| 338 |
|
|
|a online resource
|b cr
|2 rdacarrier
|
| 505 |
0 |
|
|a Representing the "worst of the worst" -- Getting behind the wire -- Uncovering Guantánamo's human face -- Red tape and Kangaroo courts -- Tortured -- Alternative forms of advocacy -- Leaving Guantánamo -- Guantánamo beyond Cuba : a global detention system outside the law.
|
| 588 |
|
|
|a Description based on print version record.
|
| 650 |
|
0 |
|a Lawyers
|z Cuba
|z Guantánamo Bay Naval Base.
|
| 650 |
|
0 |
|a Detention of persons
|z Cuba
|z Guantánamo Bay Naval Base.
|
| 650 |
|
0 |
|a Prisoners of war
|x Legal status, laws, etc.
|z Cuba
|z Guantánamo Bay Naval Base.
|
| 610 |
2 |
0 |
|a Guantánamo Bay Detention Camp.
|
| 655 |
|
7 |
|a Electronic books.
|2 local
|
| 700 |
1 |
|
|a Brown, Grace A.
|
| 700 |
1 |
|
|a Hafetz, Jonathan.
|
| 700 |
1 |
|
|a Denbeaux, Mark P.
|
| 710 |
2 |
|
|a Project Muse.
|e distributor
|
| 830 |
|
0 |
|a Book collections on Project MUSE.
|
| 856 |
4 |
0 |
|z Texto completo
|u https://projectmuse.uam.elogim.com/book/7564/
|
| 945 |
|
|
|a Project MUSE - Custom Collection
|
| 945 |
|
|
|a Project MUSE - Archive Complete Foundation
|
| 945 |
|
|
|a Project MUSE - Archive Political Science and Policy Studies Foundation
|